00630nam a2200169Ia 4500008004100000020001800041082002000059100002600079245007100105260002500176300001000201440006900211650002600280700004300306952009400349999001700443120622s9999 xx 000 0 und d a970-476-226-7 a340.1 B582 v.36 aNavarro, Pablo, 1963- aNormas y actitudes normativas / Pablo Navarro y Cristina Arredondo aMéxico : Fontamara a89 p. aBiblioteca de ética, filosofía del derecho y política ; 36 a1. TEORIA DEL DERECHO aArredondo, Cristina, 1963- ; coaut.Ì 00104070a01b01d2007-01-25l0o340.1 B582 V.36p01 004877r2012-06-24w2012-06-24yLB c55934d55934